000 nam a22 7a 4500
999 _c189122
_d189122
003 BLK
005 20230401030301.0
008 180411b bul|||||r ||||||| ||bul||
010 _aKNG00198146000
040 _aBLK
041 _aBUL
_cBUL
080 _aБългарска литература
_b821.163.2
_x-1
_z821.163.2-1
139 _aЯворов, Пейо
_bЯ 18
245 1 0 _aСъбрани съчинения в пет тома
_cПейо Яворов; предг. от Пенчо Данчев; ред. на том Лилия Кацкова.
_nТ. 1.
_pСтихотворения
257 _aBGR
260 _bБълг. писател
_c1959 - 1960
_aСофия
300 _c25 см
380 _aX
700 1 _aДанчев, Пенчо
_eпредг. от
_9379694
700 1 _aКацкова, Лилия
_eред. на том
_9367546
760 1 _aЯворов, Пейо
_d1959
_h468 с. : с ил., 4 л. ил., 4 л. факс.
_tТ. 1. Стихотворения
852 _aЦб 14728
856 4 _qpdf
856 4 _qpdf
942 _cKNG
_n0
_s1
944 _aCR
_c14.12.2016
_kНора_Радева
944 _aED
_c14.12.2016
_kНора_Радева
999 _d189122